[Event "71st RUS-ch Higher League 2018"]
[Site "Yaroslavl"]
[Date "2018.06.26"]
[Round "1"]
[White "Girya, Olga"]
[Black "Kobalia, Mikhail"]
[Result "0-1"]
[WhiteElo "2457"]
[BlackElo "2608"]
[Annotator "ChessBase"]
[PlyCount "82"]
[EventDate "2018.06.26"]
[EventType "swiss"]
[EventCountry "RUS"]
[SourceTitle "playchess.com"]
[Source "ChessBase"]
[SourceQuality "1"]
[TimeControl "40/5400+30:1800+30"]

1. d4 {[%emt 0:00:00]} Nf6 {[%emt 0:00:25]} 2. c4 {[%emt 0:00:32]} g6 {[%emt 0:00:09]} 3. Nc3 {[%emt 0:00:12]} Bg7 {[%emt 0:00:05]} 4. e4 {[%emt 0:01:43]} O-O {[%emt 0:00:14]} 5. Be3 {[%emt 0:01:44]} d6 {[%emt 0:00:41]} 6. f3 {[%emt 0:02:45]} c6 {[%emt 0:00:59]} 7. Nge2 {[%emt 0:09:42]} a6 {[%emt 0:00:37]} 8. Ng3 {[%emt 0:00:49]} b5 {[%emt 0:01:01]} 9. Qd2 {[%emt 0:16:49]} h5 {[%emt 0:10:37]} 10. O-O-O {[%emt 0:09:15]} h4 {[%emt 0:24:35]} 11. Nge2 {[%emt 0:02:36]} bxc4 {[%emt 0:02:27]} 12. g3 {[%emt 0:02:38]} Nbd7 {[%emt 0:02:16]} 13. gxh4 {[%emt 0:06:53]} e5 {[%emt 0:00:17]} 14. d5 {[%emt 0:02:11]} cxd5 {[%emt 0:05:58]} 15. Nxd5 {[%emt 0:00:34]} Bb7 {[%emt 0:04:43]} 16. Nxf6+ {[%emt 0:06:42]} Qxf6 {[%emt 0:04:50]} 17. Nc3 {[%emt 0:07:30]} Qxf3 {[%emt 0:01:20]} 18. Be2 {[%emt 0:03:00]} Qh3 {[%emt 0:00:31]} 19. h5 {[%emt 0:00:15]} Nf6 {[%emt 0:03:59]} 20. hxg6 {[%emt 0:09:35]} Nxe4 {[%emt 0:03:52]} 21. Nxe4 {[%emt 0:01:01]} Bxe4 {[%emt 0:00:03]} 22. gxf7+ {[%emt 0:01:35]} Rxf7 {[%emt 0:00:57]} 23. Rhg1 {[%emt 0:02:53]} c3 {[%emt 0:12:55]} 24. bxc3 {[%emt 0:00:09]} Rb8 {[%emt 0:00:56]} 25. Bd3 {[%emt 0:00:11]} Bxd3 {[%emt 0:00:39]} 26. Qxd3 {[%emt 0:00:07]} Rfb7 {[%emt 0:00:34]} 27. Rde1 {[%emt 0:06:24]} Kh8 {[%emt 0:10:43]} 28. Qg6 {[%emt 0:03:37]} Qh7 {[%emt 0:03:59]} 29. Qxh7+ {[%emt 0:01:08]} Kxh7 {[%emt 0:00:02]} 30. Kc2 {[%emt 0:01:52]} Rb2+ {[%emt 0:00:22]} 31. Kd3 {[%emt 0:00:21]} d5 {[%emt 0:00:02]} 32. Rxg7+ {[%emt 0:00:45]} Kxg7 {[%emt 0:00:01]} 33. h4 {[%emt 0:00:23]} Rxa2 {[%emt 0:02:03]} 34. h5 {[%emt 0:00:30]} Ra4 {[%emt 0:00:39]} 35. Bc5 {[%emt 0:00:29]} Rc8 {[%emt 0:00:41]} 36. Bd6 {[%emt 0:00:33]} e4+ {[%emt 0:00:21]} 37. Kc2 {[%emt 0:00:24]} Kf6 {[%emt 0:00:51]} 38. Kb3 {[%emt 0:00:30]} Rac4 {[%emt 0:00:13]} 39. Bb4 {[%emt 0:00:33]} Rb8 {[%emt 0:02:03]} 40. Ra1 {[%emt 0:00:00]} Rc6 {[%emt 0:01:00]} 41. Rg1 {[%emt 0:06:15]} Kf5 {[%emt 0:00:38]} 0-1

[Event "71st RUS-ch Higher League 2018"]
[Site "Yaroslavl"]
[Date "2018.06.26"]
[Round "1"]
[White "Oganian, Miran"]
[Black "Kokarev, Dmitry"]
[Result "1/2-1/2"]
[WhiteElo "2432"]
[BlackElo "2603"]
[Annotator "RC"]
[PlyCount "102"]
[EventDate "2018.06.26"]
[EventType "swiss"]
[EventCountry "RUS"]
[SourceTitle "playchess.com"]
[Source "ChessBase"]
[SourceQuality "1"]
[TimeControl "40/5400+30:1800+30"]

1. d4 {[%emt 0:00:00]} g6 {[%emt 0:00:06]} 2. c4 {[%emt 0:00:00]} Bg7 {[%emt 0:00:06]} 3. Nc3 {[%emt 0:00:03]} d6 {[%emt 0:00:12]} 4. e4 {[%emt 0:00:17]} e5 {[%emt 0:00:11]} 5. Nge2 {[%emt 0:02:09]} exd4 {[%emt 0:01:41]} 6. Nxd4 {[%emt 0:00:07]} Ne7 {[%emt 0:01:16]} 7. Be2 {[%emt 0:09:45]} Nbc6 {[%emt 0:00:23]} 8. Be3 {[%emt 0:02:23]} O-O {[%emt 0:00:24]} 9. Qd2 {[%emt 0:11:15]} f5 {[%emt 0:03:48]} 10. Nxc6 {[%emt 0:01:04]} bxc6 {[%emt 0:03:56]} 11. Bd4 {[%emt 0:09:14]} Bxd4 {[%emt 0:01:58]} 12. Qxd4 {[%emt 0:01:54]} c5 {[%emt 0:00:08]} 13. Qd2 {[%emt 0:06:17]} fxe4 {[%emt 0:21:37]} 14. Nxe4 {[%emt 0:06:03]} Bb7 {[%emt 0:00:20]} 15. Ng5 {[%emt 0:05:51]} Qd7 {[%emt 0:01:12]} 16. O-O {[%emt 0:01:36]} Rf6 {[%emt 0:14:28]} 17. Bf3 {[%emt 0:11:28]} Bxf3 {[%emt 0:02:59]} 18. Nxf3 {[%emt 0:02:15]} Raf8 {[%emt 0:00:58]} 19. Rae1 {[%emt 0:04:22]} Nf5 {[%emt 0:05:52]} 20. Re4 {[%emt 0:03:13]} h6 {[%emt 0:06:02]} 21. Rfe1 {[%emt 0:08:30]} Qg7 {[%emt 0:03:59]} 22. h3 {[%emt 0:06:44]} R6f7 {[%emt 0:02:23]} 23. a3 {[%emt 0:01:24]} a5 {[%emt 0:05:04]} 24. b4 {[%emt 0:02:20]} axb4 {[%emt 0:00:41]} 25. axb4 {[%emt 0:00:03]} cxb4 {[%emt 0:00:23]} 26. Qxb4 {[%emt 0:00:07]} Ra8 {[%emt 0:08:02]} 27. Qd2 {[%emt 0:01:16]} Ra1 {[%emt 0:01:19]} 28. Rxa1 {[%emt 0:01:11]} Qxa1+ {[%emt 0:00:06]} 29. Re1 {[%emt 0:00:07]} Qf6 {[%emt 0:01:52]} 30. Re4 {[%emt 0:01:57]} Kg7 {[%emt 0:02:07]} 31. Kh2 {[%emt 0:00:20]} Re7 {[%emt 0:02:37]} 32. Qd5 {[%emt 0:00:13]} Rxe4 {[%emt 0:01:40]} 33. Qxe4 {[%emt 0:00:05]} g5 {[%emt 0:00:51]} 34. g3 {[%emt 0:01:33]} Ne7 {[%emt 0:03:25]} 35. Kg2 {[%emt 0:00:16]} c6 {[%emt 0:00:23]} 36. h4 {[%emt 0:00:46]} gxh4 {[%emt 0:01:37]} 37. Nxh4 {[%emt 0:00:28]} d5 {[%emt 0:00:11]} 38. cxd5 {[%emt 0:00:28]} cxd5 {[%emt 0:00:05]} 39. Qxe7+ {[%emt 0:00:00]} Qxe7 {[%emt 0:00:00]} 40. Nf5+ {[%emt 0:00:00]} Kf6 {[%emt 0:00:18]} 41. Nxe7 {[%emt 0:01:55]} Kxe7 {[%emt 0:00:09]} 42. Kf3 {[%emt 0:14:08]} Kd6 {[%emt 0:01:53]} 43. Ke3 {[%emt 0:11:21]} Ke5 {[%emt 0:01:10]} 44. Kd3 {[%emt 0:01:32]} h5 {[%emt 0:02:08]} 45. f3 {[%emt 0:01:21]} Kd6 {[%emt 0:00:10]} 46. Kd4 {[%emt 0:01:13]} Ke6 {[%emt 0:00:06]} 47. f4 {[%emt 0:00:56]} Kf5 {[%emt 0:00:05]} 48. Kxd5 {[%emt 0:00:06]} h4 {[%emt 0:00:05]} 49. gxh4 {[%emt 0:00:06]} Kxf4 {[%emt 0:00:04]} 50. h5 {[%emt 0:00:09]} Kg5 {[%emt 0:00:05]} 51. h6 {[%emt 0:00:05]} Kxh6 {[%emt 0:00:04]} 1/2-1/2

[Event "71st RUS-ch Higher League 2018"]
[Site "Yaroslavl"]
[Date "2018.06.26"]
[Round "1"]
[White "Tekeyev, Zaur"]
[Black "Esipenko, Andrey"]
[Result "1/2-1/2"]
[WhiteElo "2407"]
[BlackElo "2599"]
[Annotator "RC"]
[PlyCount "122"]
[EventDate "2018.06.26"]
[EventType "swiss"]
[EventCountry "RUS"]
[SourceTitle "playchess.com"]
[Source "ChessBase"]
[SourceQuality "1"]
[TimeControl "40/5400+30:1800+30"]

1. e4 {[%emt 0:00:00]} c6 {[%emt 0:00:11]} 2. d4 {[%emt 0:00:00]} d5 {[%emt 0:00:07]} 3. Nc3 {[%emt 0:00:00]} dxe4 {[%emt 0:00:06]} 4. Nxe4 {[%emt 0:00:00]} Nf6 {[%emt 0:00:05]} 5. Nxf6+ {[%emt 0:00:00]} exf6 {[%emt 0:00:04]} 6. c3 {[%emt 0:00:07]} Bd6 {[%emt 0:00:04]} 7. Bd3 {[%emt 0:00:13]} O-O {[%emt 0:00:09]} 8. Qc2 {[%emt 0:00:08]} Re8+ {[%emt 0:00:07]} 9. Ne2 {[%emt 0:00:05]} h5 {[%emt 0:00:06]} 10. O-O {[%emt 0:02:44]} h4 {[%emt 0:00:07]} 11. h3 {[%emt 0:04:54]} Nd7 {[%emt 0:00:08]} 12. Bd2 {[%emt 0:04:04]} Nf8 {[%emt 0:00:40]} 13. Rae1 {[%emt 0:00:33]} Bc7 {[%emt 0:00:34]} 14. b3 {[%emt 0:07:20]} Ne6 {[%emt 0:31:42]} 15. f4 {[%emt 0:21:33]} Qd6 {[%emt 0:02:50]} 16. Bh7+ {[%emt 0:34:01]} Kf8 {[%emt 0:05:38]} 17. Be4 {[%emt 0:03:04]} Bd7 {[%emt 0:07:39]} 18. Qd3 {[%emt 0:01:19]} g6 {[%emt 0:04:31]} 19. f5 {[%emt 0:05:40]} Qh2+ {[%emt 0:00:24]} 20. Kf2 {[%emt 0:00:06]} Ng5 {[%emt 0:04:14]} 21. Bxg5 {[%emt 0:03:26]} fxg5 {[%emt 0:00:09]} 22. fxg6 {[%emt 0:03:29]} Kg7 {[%emt 0:02:45]} 23. gxf7 {[%emt 0:03:29]} Re7 {[%emt 0:00:12]} 24. Bh7 {[%emt 0:01:37]} Qd6 {[%emt 0:11:12]} 25. Bg8 {[%emt 0:02:04]} Re6 {[%emt 0:01:04]} 26. Qh7+ {[%emt 0:01:20]} Kf8 {[%emt 0:00:58]} 27. Qh8 {[%emt 0:00:11]} Rd8 {[%emt 0:04:02]} 28. Bh7+ {[%emt 0:01:25]} Kxf7 {[%emt 0:06:20]} 29. Kg1+ {[%emt 0:00:06]} Rf6 {[%emt 0:00:05]} 30. Rxf6+ {[%emt 0:00:04]} Qxf6 {[%emt 0:00:04]} 31. Qxf6+ {[%emt 0:00:07]} Kxf6 {[%emt 0:00:03]} 32. Rf1+ {[%emt 0:00:48]} Kg7 {[%emt 0:00:25]} 33. Be4 {[%emt 0:00:36]} Re8 {[%emt 0:03:25]} 34. Bf3 {[%emt 0:00:26]} Re3 {[%emt 0:08:33]} 35. Kf2 {[%emt 0:00:41]} Rd3 {[%emt 0:02:31]} 36. Ke1 {[%emt 0:00:30]} Ba5 {[%emt 0:01:37]} 37. b4 {[%emt 0:01:01]} Bc7 {[%emt 0:00:21]} 38. Be4 {[%emt 0:00:42]} Re3 {[%emt 0:00:18]} 39. Bf5 {[%emt 0:00:08]} Be8 {[%emt 0:00:17]} 40. Kd2 {[%emt 0:00:00]} Re7 {[%emt 0:00:06]} 41. Rf3 {[%emt 0:13:11]} Bf7 {[%emt 0:00:57]} 42. Bb1 {[%emt 0:05:33]} Bc4 {[%emt 0:02:48]} 43. Bd3 {[%emt 0:02:26]} Be6 {[%emt 0:00:19]} 44. Re3 {[%emt 0:01:36]} Kf6 {[%emt 0:00:43]} 45. Rf3+ {[%emt 0:02:16]} Kg7 {[%emt 0:00:15]} 46. Re3 {[%emt 0:00:46]} Bd6 {[%emt 0:02:35]} 47. Rf3 {[%emt 0:03:29]} Rf7 {[%emt 0:00:29]} 48. Rxf7+ {[%emt 0:06:02]} Kxf7 {[%emt 0:00:40]} 49. Nc1 {[%emt 0:00:38]} Bd5 {[%emt 0:05:31]} 50. Bf1 {[%emt 0:00:25]} Kf6 {[%emt 0:01:09]} 51. Nb3 {[%emt 0:00:35]} g4 {[%emt 0:02:55]} 52. Ke3 {[%emt 0:00:27]} Kg5 {[%emt 0:01:58]} 53. c4 {[%emt 0:00:07]} Bf7 {[%emt 0:01:30]} 54. Nc5 {[%emt 0:00:42]} Bf4+ {[%emt 0:00:09]} 55. Kd3 {[%emt 0:00:33]} b6 {[%emt 0:01:02]} 56. Ne4+ {[%emt 0:00:30]} Kf5 {[%emt 0:00:06]} 57. hxg4+ {[%emt 0:00:36]} Kxg4 {[%emt 0:00:06]} 58. Be2+ {[%emt 0:00:06]} Kf5 {[%emt 0:00:05]} 59. Bf3 {[%emt 0:00:11]} b5 {[%emt 0:02:58]} 60. cxb5 {[%emt 0:00:38]} cxb5 {[%emt 0:00:06]} 61. a3 {[%emt 0:00:46]} Be6 {[%emt 0:04:28]} 1/2-1/2

[Event "71st RUS-ch Higher League 2018"]
[Site "Yaroslavl"]
[Date "2018.06.26"]
[Round "1"]
[White "Rodin, Dmitrij"]
[Black "Pridorozhni, Aleksei"]
[Result "1/2-1/2"]
[WhiteElo "2402"]
[BlackElo "2589"]
[Annotator "TA"]
[PlyCount "96"]
[EventDate "2018.06.26"]
[EventType "swiss"]
[EventCountry "RUS"]
[SourceTitle "playchess.com"]
[Source "ChessBase"]
[SourceQuality "1"]

{[%evp 17,96,41,83,20,27,20,27,23,39,27,63,40,55,29,40,25,64,24,27,41,58,57,64,0,69,35,77,77,73,72,81,57,56,52,71,32,39,33,40,41,35,35,42,41,46,33,33,42,43,42,93,84,92,87,72,70,98,85,110,125,165,93,92,103,125,69,82,61,83,4,0,0,41,32,39,32,72,50,47,44,41]} 1. e4 e6 2. d4 d5 3. Nd2 Nf6 4. e5 Nfd7 5. c3 c5 6. Bd3 Nc6 7. Ne2 Qb6 8. Nf3 cxd4 9. cxd4 Qb4+ {LiveBook: 5 Games. C06: French Tarrasch: 3...Nf6 4 e5 Nfd7 5 Bd3 main lines} (9... f6 10. exf6 Nxf6 11. O-O Bd6 12. b3 O-O 13. Bb2 Bd7 14. Nc3 Rac8 15. Na4 Qa5 16. Ne5 Nb4 17. Bb1 Bxa4 18. bxa4 Qc7 19. a3 Nc2 20. Ra2 Bxe5 21. dxe5 Ne4 {0-1 (48) Howell,D (2616)-Feller,S (2649) Khanty-Mansiysk 2010}) 10. Qd2 (10. Kf1 $16) 10... Qxd2+ $11 11. Bxd2 f6 {The position is equal.} 12. exf6 gxf6 13. O-O Bd6 14. Rac1 $146 ({Predecessor:} 14. Rfe1 Kf7 15. Nc3 Nf8 16. Re2 Bd7 17. Rae1 {1-0 (51) Nagy,K (2051)-Duzs,J (2050) Hungary 2012}) 14... Nf8 15. Rfe1 Bd7 16. Bf4 Ke7 17. a3 Bxf4 18. Nxf4 Kd6 19. Nh5 {Hoping for b4.} Ke7 20. Nf4 (20. Re3 $14) 20... Kf7 (20... Kd6 $11) 21. Bb5 Ng6 22. Nd3 $1 {[%cal Bf4d3,Bd3c5,Bc5a6,Ba6c7,Bc7b5,Bb5c3,Bc3d1,Bd1e3,Be3f5][%mdl 32]} Nge7 23. Nc5 Bc8 24. Rc3 Rd8 25. g3 Rd6 26. Bd3 b6 27. Na6 Bb7 28. Nc7 Rc8 29. Nb5 Rd7 {next ...a6 is good for Black.} 30. Rc2 h6 31. Rce2 a6 32. Nc3 $36 {[%mdl 2048] White is pushing.} Rd6 33. Nd1 Nb8 (33... Rg8 $14) 34. Ne3 $16 a5 35. Nf5 Nxf5 36. Bxf5 {[%cal Re2e6]} Rcc6 37. Nh4 {aiming for Bg6+.} Ba6 38. Re3 Nd7 {[#]} 39. f4 (39. Bg6+ $1 $18 Kg8 40. Be8) 39... Nf8 40. Bb1 Bc8 41. f5 (41. Bd3 $16) 41... Rc4 $14 42. fxe6+ Rxe6 {[#]} 43. Bf5 ({Better is} 43. Kf2 $1 $16) 43... Rxe3 $11 44. Rxe3 Ne6 45. Bd3 Rc1+ 46. Kf2 Ng7 47. Re2 Bg4 48. Rc2 Rxc2+ {Precision: White = 36%, Black = 64%.} 1/2-1/2

[Event "71st RUS-ch Higher League 2018"]
[Site "Yaroslavl"]
[Date "2018.06.26"]
[Round "1"]
[White "Bykov, Oleg"]
[Black "Timofeev, Artyom"]
[Result "1/2-1/2"]
[WhiteElo "2375"]
[BlackElo "2583"]
[Annotator "TA"]
[PlyCount "49"]
[EventDate "2018.06.26"]
[EventType "swiss"]
[EventCountry "RUS"]
[SourceTitle "playchess.com"]
[Source "ChessBase"]
[SourceQuality "1"]

{[%evp 11,49,0,11,4,8,12,0,1,12,0,4,6,7,-32,33,-8,8,16,41,37,48,33,39,35,53,32,45,18,31,0,0,0,14,0,0,0,16,0,7,0]} 1. d4 d5 2. Nf3 Nf6 3. c4 e6 4. Nc3 a6 5. e3 Be7 6. a3 O-O 7. c5 {D37: Queen's Gambit Declined: 5 Bf4} (7. b4 b6 8. c5 Bb7 9. Bb2 Nbd7 10. Be2 Ne4 11. O-O f5 12. Qc2 bxc5 13. dxc5 c6 14. Nd4 Rf6 {½-½ (80) Kaleta,B (2110)-Fridman,D (2633) Katowice 2017}) 7... Ne4 $146 ({Predecessor:} 7... Nbd7 8. Bd3 c6 9. Qc2 Qc7 10. b4 e5 11. dxe5 Nxe5 12. Nxe5 Qxe5 {0-1 (38) Simeonov,D (1576)-Ivanov,D (1758) Sofia 2017}) 8. Nxe4 dxe4 9. Nd2 f5 10. Bc4 {[%cal Bf1c4,Bc4b3,Bb3c2][%mdl 32]} Kh8 11. b4 b5 12. Bb3 Nd7 ({Better is} 12... a5 $15) 13. f3 Nf6 14. fxe4 fxe4 15. O-O Qd7 16. Bb2 Bb7 17. Bc2 Bd5 18. Qe1 Kg8 19. Qg3 a5 20. Bc3 axb4 {The position is equal.} 21. axb4 Qc6 22. Nb3 Qd7 23. Nd2 Qc6 24. Nb3 Qd7 25. Nd2 {Precision: White = 22%, Black = 57%.} 1/2-1/2

[Event "71st RUS-ch Higher League 2018"]
[Site "Yaroslavl"]
[Date "2018.06.26"]
[Round "1"]
[White "Okrugin, Sergey"]
[Black "Sakaev, Konstantin"]
[Result "0-1"]
[WhiteElo "2334"]
[BlackElo "2580"]
[Annotator "TA"]
[PlyCount "84"]
[EventDate "2018.06.26"]
[EventType "swiss"]
[EventCountry "RUS"]
[SourceTitle "playchess.com"]
[Source "ChessBase"]
[SourceQuality "1"]

{[%evp 19,84,-13,-26,-20,20,-18,44,-136,-136,-136,-136,-136,-136,-136,-138,-127,-114,-137,-131,-127,-129,-132,-110,-109,-105,-106,-98,-117,-110,-124,-114,-113,-74,-169,-145,-185,-196,-207,-208,-359,-297,-351,-361,-331,-339,-428,-412,-433,-425,-404,-422,-683,-669,-655,-602,-699,-685,-741,-915,-900,-880,-979,-935,-5026,-3265,-5026,-5026]} 1. e4 c5 2. Nf3 d6 3. d4 cxd4 4. Nxd4 Nf6 5. Nc3 a6 6. h3 e5 7. Nde2 h5 {B90: Sicilian Najdorf: Unusual White 6th moves, 6 Be3 Ng4 and 6 Be3 e5} 8. Bg5 Be6 9. Qd2 Nbd7 10. f4 Rc8 {LiveBook: 3 Games} 11. g3 Be7 12. Bg2 Qa5 $146 (12... Bc4 $11) ({Predecessor:} 12... b5 13. a3 Qb6 14. b3 Nc5 15. Rd1 {1-0 (46) Movsesian,S (2708)-Swiercz,D (2474) Wroclaw 2010}) 13. Nd5 $2 {[#]} (13. b3 $14 {stays ahead.}) 13... Qxd2+ $17 14. Kxd2 Nxd5 15. exd5 Bf5 16. c3 f6 17. Bh4 g5 18. fxg5 fxg5 19. g4 hxg4 ({Don't do} 19... gxh4 20. gxf5 Bg5+ 21. Kc2 $15) 20. hxg4 gxh4 21. gxf5 Bg5+ 22. Kc2 Ke7 23. Raf1 Kf6 24. Rh3 a5 25. Bh1 Nc5 26. Bg2 (26. c4 $17) 26... b5 $19 {[%cal Bb7b5,Bb5b4][%mdl 32]} 27. Ng1 b4 28. Ne2 Rb8 29. Nc1 $2 {[#]} (29. Re1) 29... Bxc1 30. Kxc1 Rbg8 31. cxb4 axb4 ({Less strong is} 31... Rxg2 32. bxc5 dxc5 33. d6 $17) 32. Rf2 Rg4 33. Kc2 Rd4 34. Rd2 Rf4 35. Rf3 (35. Rd1 $142) 35... Rxf3 36. Bxf3 Kxf5 {[%mdl 4096] Endgame KRB-KRN} 37. Bh1 e4 38. a3 bxa3 39. bxa3 h3 40. Kc3 Rg8 41. Kc4 Rg1 42. Rh2 Kg4 {Precision: White = 20%, Black = 85%.} 0-1

[Event "71st RUS-ch Higher League 2018"]
[Site "Yaroslavl"]
[Date "2018.06.27"]
[Round "2"]
[White "Matlakov, Maxim"]
[Black "Goryachkina, Aleksandra"]
[Result "1/2-1/2"]
[WhiteElo "2699"]
[BlackElo "2505"]
[Annotator "TA"]
[PlyCount "110"]
[EventDate "2018.06.26"]
[EventType "swiss"]
[EventCountry "RUS"]
[SourceTitle "playchess.com"]
[Source "ChessBase"]
[SourceQuality "1"]

{[%evp 16,110,30,31,35,38,65,62,69,61,66,60,61,54,55,49,53,56,52,35,68,63,60,65,64,43,38,41,35,52,40,29,34,18,31,22,22,29,29,30,33,29,26,29,31,31,29,25,26,15,79,79,85,81,88,63,66,14,14,0,0,0,0,0,0,0,0,0,0,8,16,0,0,0,0,0,0,0,0,0,0,0,0,0,0,0,0,0,0,0,0,0,0,0,0,0,0]} 1. c4 c6 2. Nf3 d5 3. d4 Nf6 4. Nc3 dxc4 5. a4 e6 6. e3 c5 7. Bxc4 Nc6 {D16: Damengambit (Slawische Verteidigung, Lasker/Smyslow-Variante)} 8. O-O cxd4 9. Nxd4 {LiveBook: 41 Partien} (9. exd4 Be7 10. Qe2 O-O 11. Rd1 Nd5 12. Qe4 Nf6 13. Qh4 Nd5 14. Qe4 Nf6 15. Qh4 Nd5 16. Qg3 Bd6 17. Qh3 {½-½ (40) Gelfand,B (2695)-Dubov,D (2696) Sochi 2018}) 9... Ne5 {Weiß steht etwas besser.} 10. Be2 $146 ({Vorgänger:} 10. Bb5+ Nfd7 11. Qh5 Ng6 12. Rd1 Be7 13. e4 O-O 14. Be3 a6 15. Bc4 {1-0 (26) Nemec,H (1918)-Mican,K (1814) Porec 2015}) 10... Bc5 11. Nb3 Qxd1 12. Rxd1 Bb4 13. Bd2 O-O 14. Nb5 Bxd2 15. Rxd2 Bd7 16. Nd6 b6 17. a5 bxa5 18. Rxa5 Nc6 19. Ra1 Nb4 20. e4 Bc6 21. f3 Rfd8 22. Kf2 Kf8 23. Rc1 Rab8 24. Nc4 Bb5 25. Rxd8+ (25. Nd4 {with more complications.} Bxc4 26. Rxc4 Rdc8 27. Rc3 a6 28. g3) 25... Rxd8 26. Ne5 Bxe2 27. Kxe2 {[#] Tc7 ist eine echte Drohung.} Nd7 28. Nxd7+ Rxd7 $14 {[%mdl 4096] Endspiel KTS-KTS} 29. Nc5 Rd6 30. Rc4 Nc6 31. Ke3 Ne5 32. Ra4 Nd7 (32... Rd1 $11 {bleibt in der Remisbreite.}) 33. b4 $16 Nxc5 34. bxc5 {KT-KT} Rd7 35. Ra6 e5 $1 36. f4 ({Lieber} 36. h4 $14) 36... Rc7 $11 {Die Stellung ist ausgeglichen.} 37. c6 f6 $1 38. fxe5 fxe5 39. Kd3 {[#] Schwarz muss nun Kc4 beachten.} Ke7 40. Kc4 {zielt auf Kd5 ab.} Kd6 41. Kb5 h5 42. h4 Rc8 43. Rxa7 Rxc6 44. Rxg7 {Beabsichtigt Tg6+ und Matt.} Rc2 45. Rg6+ Kd7 46. Rg5 Re2 47. Rxh5 ({Finger weg von} 47. Rxe5 $6 Rxg2 48. Rxh5 Rg4 $16) 47... Rxe4 48. Rh8 Ke7 49. h5 Kf7 50. h6 Kg6 51. g4 Re1 52. Kc4 Rh1 53. Rg8+ Kh7 54. Re8 Rg1 55. Rxe5 Rxg4+ {Precision: Weiß = 68%, Schwarz = 79%.} 1/2-1/2

[Event "71st RUS-ch Higher League 2018"]
[Site "Yaroslavl"]
[Date "2018.06.27"]
[Round "2"]
[White "Najer, Evgeniy"]
[Black "Popov, Ivan"]
[Result "1/2-1/2"]
[WhiteElo "2668"]
[BlackElo "2608"]
[Annotator "ChessBase"]
[PlyCount "111"]
[EventDate "2018.06.26"]
[EventType "swiss"]
[EventCountry "RUS"]
[SourceTitle "playchess.com"]
[Source "ChessBase"]
[SourceQuality "1"]
[TimeControl "40/5400+30:1800+30"]

1. e4 {[%emt 0:00:00]} e5 {[%emt 0:00:13]} 2. Nf3 {[%emt 0:05:28]} Nf6 {[%emt 0:00:35]} 3. Nxe5 {[%emt 0:03:07]} d6 {[%emt 0:03:45]} 4. Nf3 {[%emt 0:00:43]} Nxe4 {[%emt 0:00:14]} 5. d4 {[%emt 0:03:55]} d5 {[%emt 0:00:17]} 6. Bd3 {[%emt 0:00:09]} Bd6 {[%emt 0:00:13]} 7. O-O {[%emt 0:01:02]} O-O {[%emt 0:00:08]} 8. c4 {[%emt 0:00:03]} c6 {[%emt 0:00:12]} 9. Re1 {[%emt 0:03:57]} Bf5 {[%emt 0:00:36]} 10. Qb3 {[%emt 0:02:17]} Qd7 {[%emt 0:02:52]} 11. Nc3 {[%emt 0:12:00]} Nxc3 {[%emt 0:00:45]} 12. Bxf5 {[%emt 0:00:08]} Qxf5 {[%emt 0:00:08]} 13. Qxb7 {[%emt 0:03:06]} Qd7 {[%emt 0:00:25]} 14. Qxd7 {[%emt 0:01:42]} Nxd7 {[%emt 0:00:03]} 15. c5 {[%emt 0:00:16]} Bxh2+ {[%emt 0:00:29]} 16. Nxh2 {[%emt 0:00:09]} Ne4 {[%emt 0:00:13]} 17. Bf4 {[%emt 0:02:28]} Rfe8 {[%emt 0:04:55]} 18. Ng4 {[%emt 0:04:33]} g5 {[%emt 0:47:07]} 19. Bh2 {[%emt 0:05:55]} Kg7 {[%emt 0:00:17]} 20. f3 {[%emt 0:00:57]} Nef6 {[%emt 0:05:09]} 21. Be5 {[%emt 0:18:00]} h5 {[%emt 0:05:55]} 22. Nxf6 {[%emt 0:03:47]} Nxf6 {[%emt 0:01:14]} 23. f4 {[%emt 0:00:16]} gxf4 {[%emt 0:06:52]} 24. Rf1 {[%emt 0:01:02]} Kg6 {[%emt 0:02:04]} 25. Bxf6 {[%emt 0:00:59]} Kxf6 {[%emt 0:00:02]} 26. Rxf4+ {[%emt 0:00:06]} Kg7 {[%emt 0:00:10]} 27. Raf1 {[%emt 0:02:39]} Re7 {[%emt 0:00:22]} 28. R1f3 {[%emt 0:01:35]} Rb8 {[%emt 0:00:46]} 29. b3 {[%emt 0:00:29]} a5 {[%emt 0:03:16]} 30. Rg3+ {[%emt 0:03:34]} Kf8 {[%emt 0:00:51]} 31. Rg5 {[%emt 0:11:55]} Rb4 {[%emt 0:12:50]} 32. Rxh5 {[%emt 0:00:38]} a4 {[%emt 0:00:10]} 33. Rh8+ {[%emt 0:03:41]} Kg7 {[%emt 0:00:01]} 34. Rc8 {[%emt 0:00:04]} axb3 {[%emt 0:03:27]} 35. axb3 {[%emt 0:00:04]} Re6 {[%emt 0:00:50]} 36. Rc7 {[%emt 0:01:28]} Rxb3 {[%emt 0:00:06]} 37. Rcxf7+ {[%emt 0:02:25]} Kg6 {[%emt 0:00:01]} 38. Rf8 {[%emt 0:02:50]} Kg7 {[%emt 0:00:27]} 39. R8f7+ {[%emt 0:01:08]} Kg6 {[%emt 0:00:01]} 40. Rf8 {[%emt 0:00:00]} Kg7 {[%emt 0:00:30]} 41. R4f7+ {[%emt 0:16:37]} Kg6 {[%emt 0:00:13]} 42. Rd7 {[%emt 0:07:42]} Re4 {[%emt 0:02:28]} 43. Rd6+ {[%emt 0:03:17]} Kg5 {[%emt 0:00:23]} 44. Rxc6 {[%emt 0:00:44]} Rb1+ {[%emt 0:04:14]} 45. Rf1 {[%emt 0:01:03]} Rxf1+ {[%emt 0:00:08]} 46. Kxf1 {[%emt 0:00:03]} Rxd4 {[%emt 0:00:12]} 47. Ke2 {[%emt 0:02:04]} Rc4 {[%emt 0:01:00]} 48. Rc8 {[%emt 0:00:50]} Rc3 {[%emt 0:01:45]} 49. c6 {[%emt 0:00:31]} Kg6 {[%emt 0:00:26]} 50. Kd2 {[%emt 0:01:28]} d4 {[%emt 0:00:08]} 51. g4 {[%emt 0:00:11]} Kf7 {[%emt 0:00:33]} 52. Ke2 {[%emt 0:01:18]} Kg7 {[%emt 0:00:15]} 53. Kd1 {[%emt 0:00:07]} Rd3+ {[%emt 0:00:33]} 54. Kc2 {[%emt 0:00:35]} Rc3+ {[%emt 0:00:06]} 55. Kd2 {[%emt 0:00:06]} Kf7 {[%emt 0:00:04]} 56. g5 {[%emt 0:00:15]} 1/2-1/2

[Event "71st RUS-ch Higher League 2018"]
[Site "Yaroslavl"]
[Date "2018.06.27"]
[Round "2"]
[White "Motylev, Alexander"]
[Black "Potkin, Vladimir"]
[Result "1/2-1/2"]
[WhiteElo "2659"]
[BlackElo "2592"]
[Annotator "TA"]
[PlyCount "34"]
[EventDate "2018.06.26"]
[EventType "swiss"]
[EventCountry "RUS"]
[SourceTitle "playchess.com"]
[Source "ChessBase"]
[SourceQuality "1"]

{[%evp 21,34,7,3,0,0,0,0,0,4,-4,0,0,0,-4,0]} 1. e4 c5 2. Nf3 d6 3. d4 cxd4 4. Nxd4 Nf6 5. Nc3 a6 6. Be3 e5 7. Nf3 Be7 8. Bc4 O-O 9. O-O Nc6 10. Bg5 Be6 11. Bb3 Nd7 {LiveBook: 117 Games. The position is equal. B90: Sicilian Najdorf: Unusual White 6th moves, 6 Be3 Ng4 and 6 Be3 e5} 12. Be3 (12. Bxe7 Qxe7 13. Nd5 Qd8 14. Qe2 Nc5 15. Rfd1 h6 16. Qe3 Nxb3 17. axb3 Ne7 18. Nb6 Rb8 19. Nxe5 {1-0 (42) Grischuk,A (2761)-Topalov,V (2749) Paris 2017}) 12... Rc8 13. Re1 Nf6 14. Bg5 $146 ({Predecessor:} 14. Qe2 Na5 15. Rad1 Nxb3 16. axb3 Nd7 17. Nd2 Qc7 18. Nf1 b5 19. Rd2 b4 20. Na4 {½-½ (48) Zude,A (2470)-Lutz,C (2575) Germany 2011}) 14... Nd7 15. Be3 Nf6 16. Bg5 Nd7 17. Be3 Nf6 1/2-1/2